[Event "Oberliga Nord W 0607"]
[Site "Germany"]
[Date "2007.02.04"]
[Round "5.3"]
[White "Hoerstmann, Martin"]
[Black "Geveke, Michael"]
[Result "1-0"]
[WhiteElo "2324"]
[BlackElo "2288"]
[PlyCount "63"]
[EventDate "2006.10.15"]
[EventType "team-tourn"]
[EventRounds "9"]
[EventCountry "GER"]
[SourceTitle "EXT 2008"]
[Source "ChessBase"]
[SourceDate "2007.11.25"]
[SourceVersion "1"]
[SourceVersionDate "2007.11.25"]
[SourceQuality "1"]
[WhiteTeam "Hannover Post"]
[BlackTeam "Hannover SF"]
[WhiteTeamCountry "GER"]
[BlackTeamCountry "GER"]

1. d4 Nf6 2. c4 c5 3. d5 e6 4. Nc3 exd5 5. cxd5 d6 6. e4 g6 7. h3 Bg7 8. Nf3 0-0 9. Bd3 b5 10. Nxb5 Re8 11. 0-0 Nxe4 12. Qb3 a6 13. Na3 Nd7 14. Nc4 Ndf6 15. Re1 Ra7 16. Qb6 Qd7 17. Bxe4 Nxe4 18. Bf4 Rb7 19. Qc6 Rb4 20. Nxd6 Nxd6 21. Bxd6 Qxc6 22. dxc6 Be6 23. Rac1 Bxb2 24. Rxc5 Rc8 25. c7 Rb6 26. Bf4 Ba3 27. Rc2 Rb2 28. Rxb2 Bxb2 29. Ng5 Bc4 30. Rd1 Bf6 31. Ne4 Be7 32. Rd7 1-0

[Event "Queenstown op"]
[Site "Queenstown"]
[Date "2006.01.24"]
[Round "10"]
[White "Bourmistrov, Denis"]
[Black "Geveke, Michael"]
[Result "0-1"]
[WhiteElo "2143"]
[BlackElo "2277"]
[PlyCount "54"]
[EventDate "2006.01.15"]
[EventType "swiss"]
[EventRounds "10"]
[EventCountry "NZL"]
[SourceTitle "CBM 110 Extra"]
[Source "ChessBase"]
[SourceDate "2006.03.10"]
[SourceVersion "2"]
[SourceVersionDate "2006.03.10"]
[SourceQuality "1"]

1. d4 Nf6 2. c4 c5 3. d5 e6 4. Nc3 exd5 5. cxd5 d6 6. e4 g6 7. h3 Bg7 8. Nf3 0-0 9. Bd3 a6 10. a4 Nbd7 11. 0-0 Ne8 12. Re1 Ne5 13. Bf1 Nxf3+ 14. Qxf3 Be5 15. Qd1 Qf6 16. Qc2 g5 17. Nd1 Rb8 18. a5 Nc7 19. Ne3 Bd4 20. Nc4 Re8 21. Ra3 Nxd5 22. Bxg5 Qxg5 23. Nxd6 Re7 24. Rd1 Nb4 25. Qe2 Nc6 26. Kh1 Qf4 27. Rg3+ Kh8 0-1

[Event "Queenstown op"]
[Site "Queenstown"]
[Date "2006.01.23"]
[Round "9"]
[White "Geveke, Michael"]
[Black "Ly, Moulthun"]
[Result "1/2-1/2"]
[WhiteElo "2277"]
[BlackElo "2162"]
[PlyCount "128"]
[EventDate "2006.01.15"]
[EventType "swiss"]
[EventRounds "10"]
[EventCountry "NZL"]
[SourceTitle "CBM 110 Extra"]
[Source "ChessBase"]
[SourceDate "2006.03.10"]
[SourceVersion "2"]
[SourceVersionDate "2006.03.10"]
[SourceQuality "1"]

1. d4 Nf6 2. g3 g6 3. Bg2 Bg7 4. c4 0-0 5. Nc3 d6 6. Nf3 Nc6 7. 0-0 Bf5 8. d5 Na5 9. Nd4 Bd7 10. Qd3 c5 11. Nc2 a6 12. Bd2 b5 13. Ne3 Rb8 14. Rab1 bxc4 15. Nxc4 Bb5 16. Nxb5 Nxc4 17. Na7 Ne5 18. Qc2 Qb6 19. Nc6 Nxc6 20. dxc6 e6 21. Bf4 Rbd8 22. b4 Nd5 23. Bxd5 exd5 24. Bxd6 Rxd6 25. bxc5 Qxc6 26. Rb6 Qxb6 27. cxb6 Rxb6 28. Qc5 Re6 29. Qxd5 Rxe2 30. Rb1 Rfe8 31. Rb7 R2e6 32. Qd7 Rf8 33. Ra7 Bf6 34. Qa4 Rd8 35. Rxa6 Rxa6 36. Qxa6 Rd1+ 37. Kg2 Kg7 38. Qe2 Rb1 39. Qe4 Rb6 40. Qd5 Ra6 41. Qb3 h5 42. a4 Ra5 43. Qc4 Bd8 44. f4 Kf8 45. Qd4 Ke7 46. h3 Ke8 47. g4 hxg4 48. hxg4 g5 49. Kf3 gxf4 50. Kxf4 f6 51. Ke4 Re5+ 52. Kd3 Ra5 53. Kc2 Rg5 54. Kb3 Ra5 55. Kb4 Rg5 56. Qf4 Be7+ 57. Kb3 Bd8 58. Qc4 Ke7 59. Qc6 Re5 60. Qb7+ Ke8 61. Qa8 Ra5 62. Qc6+ Ke7 63. Qc8 Rg5 64. Kb4 Re5 1/2-1/2

[Event "Queenstown op"]
[Site "Queenstown"]
[Date "2006.01.22"]
[Round "8"]
[White "Lane, Gary William"]
[Black "Geveke, Michael"]
[Result "1-0"]
[WhiteElo "2445"]
[BlackElo "2277"]
[PlyCount "59"]
[EventDate "2006.01.15"]
[EventType "swiss"]
[EventRounds "10"]
[EventCountry "NZL"]
[SourceTitle "CBM 110 Extra"]
[Source "ChessBase"]
[SourceDate "2006.03.10"]
[SourceVersion "2"]
[SourceVersionDate "2006.03.10"]
[SourceQuality "1"]

1. e4 e6 2. d4 d5 3. Nd2 Nf6 4. e5 Nfd7 5. c3 c5 6. Bd3 Nc6 7. Ne2 cxd4 8. cxd4 f6 9. exf6 Nxf6 10. 0-0 Bd6 11. Nf3 Qc7 12. Nc3 a6 13. Bg5 0-0 14. Bh4 Nh5 15. Rc1 g6 16. Na4 Nf4 17. Bb1 b5 18. Nc5 Qg7 19. Kh1 Ra7 20. Nb3 Rc7 21. Re1 h6 22. Bg3 g5 23. a3 Rff7 24. Qd2 h5 25. h4 gxh4 26. Nxh4 Qg4 27. Qd1 Qg5 28. Re3 e5 29. Nf3 Qf6 30. Rxc6 1-0

[Event "Queenstown op"]
[Site "Queenstown"]
[Date "2006.01.19"]
[Round "5"]
[White "Dragicevic, Domagoj"]
[Black "Geveke, Michael"]
[Result "1/2-1/2"]
[WhiteElo "2135"]
[BlackElo "2277"]
[PlyCount "37"]
[EventDate "2006.01.15"]
[EventType "swiss"]
[EventRounds "10"]
[EventCountry "NZL"]
[SourceTitle "CBM 110 Extra"]
[Source "ChessBase"]
[SourceDate "2006.03.10"]
[SourceVersion "2"]
[SourceVersionDate "2006.03.10"]
[SourceQuality "1"]

1. e4 e6 2. d3 d5 3. Nd2 Nf6 4. Ngf3 b6 5. e5 Nfd7 6. d4 Be7 7. c3 c5 8. Bb5 Ba6 9. a4 Qc8 10. Qe2 Bxb5 11. axb5 c4 12. 0-0 a6 13. Ne1 g6 14. f4 h5 15. Ndf3 Qb7 16. bxa6 Rxa6 17. Rxa6 Qxa6 18. Nc2 Nc6 19. Ne3 1/2-1/2

[Event "Oberliga Nord W 0405"]
[Site "Germany"]
[Date "2005.04.10"]
[Round "9.1"]
[White "Bauer, Reinhard"]
[Black "Geveke, Michael"]
[Result "1/2-1/2"]
[WhiteElo "2293"]
[BlackElo "2273"]
[PlyCount "52"]
[EventDate "2004.10.24"]
[EventType "team-tourn"]
[EventRounds "9"]
[EventCountry "GER"]
[SourceTitle "EXT 2006"]
[Source "ChessBase"]
[SourceDate "2005.11.24"]
[SourceVersion "1"]
[SourceVersionDate "2005.11.24"]
[SourceQuality "1"]
[WhiteTeam "Hameln"]
[BlackTeam "Hannover"]
[WhiteTeamCountry "GER"]
[BlackTeamCountry "GER"]

1. d4 Nf6 2. Nc3 e6 3. Bg5 d5 4. e4 dxe4 5. Nxe4 Be7 6. Bxf6 Bxf6 7. Nf3 Bd7 8. Bd3 Bc6 9. Qe2 Bxe4 10. Bxe4 c6 11. 0-0-0 Qa5 12. Kb1 Na6 13. Ne5 Nb4 14. a3 Nd5 15. c4 Nb6 16. f4 Bxe5 17. fxe5 0-0-0 18. Rhf1 Rd7 19. c5 Na8 20. Rf3 Nc7 21. b4 Qa4 22. Bc2 Qb5 23. Bd3 Qa4 24. Bc4 Rhd8 25. Kb2 a5 26. Bb3 Qb5 1/2-1/2

[Event "Oberliga Nord W 0405"]
[Site "Germany"]
[Date "2004.11.28"]
[Round "3.1"]
[White "Geveke, Michael"]
[Black "Margraf, Daniel"]
[Result "1/2-1/2"]
[WhiteElo "2273"]
[BlackElo "2227"]
[PlyCount "126"]
[EventDate "2004.10.24"]
[EventType "team-tourn"]
[EventRounds "9"]
[EventCountry "GER"]
[SourceTitle "EXT 2006"]
[Source "ChessBase"]
[SourceDate "2005.11.24"]
[SourceVersion "1"]
[SourceVersionDate "2005.11.24"]
[SourceQuality "1"]
[WhiteTeam "Hannover"]
[BlackTeam "Delmenhorst"]
[WhiteTeamCountry "GER"]
[BlackTeamCountry "GER"]

1. d4 g6 2. c4 Bg7 3. Nc3 c5 4. Nf3 cxd4 5. Nxd4 Nc6 6. Nb3 Nf6 7. e4 0-0 8. Bd3 d6 9. 0-0 Be6 10. Qe2 Rc8 11. Bg5 h6 12. Bh4 Ne5 13. Nd5 Bxd5 14. exd5 b5 15. cxb5 Nxd5 16. f4 Nxd3 17. Qxd3 Qb6+ 18. Kh1 e6 19. Qe2 e5 20. fxe5 dxe5 21. Bf2 Qb8 22. Bc5 Rfd8 23. Qf2 Rd7 24. a4 Nf4 25. Be3 Nd3 26. Qh4 h5 27. Rad1 Rc2 28. Qh3 f5 29. Bxa7 Qa8 30. Bg1 Rxb2 31. Nc1 e4 32. b6 Kh7 33. a5 Qxa5 34. Nxd3 Rb3 35. Qh4 Rbxd3 36. Rb1 Qa6 37. Qe1 Qb7 38. Qc1 Rd2 39. Be3 Re2 40. Re1 Ra2 41. Qc4 Ra3 42. Qe6 Rad3 43. h3 R3d6 44. Qe8 Rd8 45. Qb5 R8d7 46. Rec1 Rd5 47. Rc5 Be5 48. Rxd5 Rxd5 49. Qf1 Rd7 50. Rb5 Qb8 51. Ra5 f4 52. Ra7 Rg7 53. Bc5 e3 54. Qf3 Qc8 55. Qd5 Qf5 56. Rxg7+ Kxg7 57. Bd4 Bxd4 58. Qxd4+ Kh7 59. Qb2 f3 60. b7 f2 61. b8Q f1Q+ 62. Kh2 Q5f4+ 63. Qxf4 Qxf4+ 1/2-1/2

[Event "Oberliga Nord W 0304"]
[Site "Germany"]
[Date "2003.12.14"]
[Round "4.1"]
[White "Zumsande, Martin"]
[Black "Geveke, Michael"]
[Result "1-0"]
[WhiteElo "2398"]
[BlackElo "2262"]
[PlyCount "73"]
[EventDate "2003.10.12"]
[EventType "team-tourn"]
[EventRounds "9"]
[EventCountry "GER"]
[SourceTitle "EXT 2005"]
[Source "ChessBase"]
[SourceDate "2004.11.15"]
[SourceVersion "1"]
[SourceVersionDate "2004.11.15"]
[SourceQuality "1"]
[WhiteTeam "Goettingen Tempo"]
[BlackTeam "Hannover SF"]
[WhiteTeamCountry "GER"]
[BlackTeamCountry "GER"]

1. e4 e6 2. d4 d5 3. Nc3 Bb4 4. e5 c5 5. a3 Bxc3+ 6. bxc3 Qc7 7. Nf3 Ne7 8. h4 b6 9. h5 h6 10. Bb5+ Bd7 11. Bd3 Ba4 12. 0-0 Nd7 13. Re1 c4 14. Bf1 0-0-0 15. g3 g5 16. Bh3 Rde8 17. Nh2 Kb7 18. Kg2 Nf5 19. f4 f6 20. Ng4 Qd8 21. Ra2 Ng7 22. exf6 Nxf6 23. fxg5 Ne4 24. gxh6 Nxh5 25. Rxe4 dxe4 26. Ne5 Nf6 27. Bg5 Rhg8 28. Bh4 Ref8 29. Bxe6 Qd6 30. Bxg8 Rxg8 31. Qf1 Rf8 32. Qxc4 Nd5 33. Bg5 Bd7 34. Ra1 Qe6 35. Rh1 Rc8 36. Qxc8+ Bxc8 37. h7 1-0

[Event "Oberliga Nord W 0304"]
[Site "Germany"]
[Date "2003.11.02"]
[Round "2.1"]
[White "Geveke, Michael"]
[Black "Izrailev, Alexander"]
[Result "1-0"]
[WhiteElo "2262"]
[BlackElo "2234"]
[PlyCount "79"]
[EventDate "2003.10.12"]
[EventType "team-tourn"]
[EventRounds "9"]
[EventCountry "GER"]
[SourceTitle "EXT 2005"]
[Source "ChessBase"]
[SourceDate "2004.11.15"]
[SourceVersion "1"]
[SourceVersionDate "2004.11.15"]
[SourceQuality "1"]
[WhiteTeam "Hannover SF"]
[BlackTeam "Hannover PSC"]
[WhiteTeamCountry "GER"]
[BlackTeamCountry "GER"]

1. d4 e6 2. g3 f5 3. Bg2 Nf6 4. c4 d5 5. e3 c6 6. Qc2 Bd6 7. Ne2 0-0 8. 0-0 Nbd7 9. b3 Qe7 10. Nbc3 a6 11. a4 b6 12. Bb2 Bb7 13. Nf4 Rac8 14. Qe2 Kh8 15. Kh1 Rce8 16. Rae1 dxc4 17. bxc4 e5 18. dxe5 Nxe5 19. e4 fxe4 20. Nxe4 Nxe4 21. Bxe4 Qf7 22. c5 Bxc5 23. Qc2 Bb4 24. Rd1 c5 25. Bd5 Bxd5+ 26. Rxd5 Qb7 27. Rfd1 Re7 28. f3 Nxf3 29. Qf5 Ref7 30. Qh5 Kg8 31. Qxf3 c4 32. Be5 Rd7 33. Qe4 Rfd8 34. Qxc4 Bc5 35. h4 Bf2 36. Kg2 Be3 37. Kh3 Kh8 38. Rxd7 Rxd7 39. Qe6 Re7 40. Rd8+ 1-0

[Event "Oberliga Nord W 0203"]
[Site "Germany"]
[Date "2003.03.30"]
[Round "9.1"]
[White "Bauer, Reinhard"]
[Black "Geveke, Michael"]
[Result "1-0"]
[WhiteElo "2320"]
[BlackElo "2285"]
[PlyCount "89"]
[EventDate "2002.10.20"]
[EventType "team"]
[EventRounds "9"]
[EventCountry "GER"]
[SourceTitle "EXT 2004"]
[Source "ChessBase"]
[SourceDate "2003.11.25"]
[SourceVersion "1"]
[SourceVersionDate "2003.11.25"]
[SourceQuality "1"]
[WhiteTeam "Hameln"]
[BlackTeam "Hannover SF"]
[WhiteTeamCountry "GER"]
[BlackTeamCountry "GER"]

1. d4 Nf6 2. c4 c5 3. d5 e6 4. Nc3 exd5 5. cxd5 d6 6. h3 g6 7. Nf3 Bg7 8. Bf4 0-0 9. e3 a6 10. a4 Qe7 11. Be2 Nbd7 12. 0-0 Nh5 13. Bh2 f5 14. Nd2 Nhf6 15. Nc4 Ne8 16. a5 Ne5 17. Na4 Nxc4 18. Bxc4 Bd7 19. Nxc5 Rc8 20. Nxd7 Qxd7 21. Qb3 Rc5 22. Ra4 Rf7 23. Qa2 Bxb2 24. Rb1 Bc3 25. Ra3 Bf6 26. Bf1 Qc7 27. Bg3 Bc3 28. Rc1 Bb4 29. Rxc5 Qxc5 30. Ra4 Qc3 31. Kh2 g5 32. f3 Bc5 33. Bf2 Bxe3 34. Bxe3 Qxe3 35. Rc4 Qe5+ 36. Kg1 Nf6 37. Qd2 f4 38. Rc8+ Kg7 39. Qc2 Re7 40. Rb8 Qe3+ 41. Kh2 Rd7 42. Qc8 Qe7 43. Qh8+ Kh6 44. Rf8 Nh5 45. Re8 1-0

[Event "Oberliga Nord W 0203"]
[Site "Germany"]
[Date "2002.10.20"]
[Round "1.1"]
[White "Geveke, Michael"]
[Black "Hoerstmann, Martin"]
[Result "1-0"]
[WhiteElo "2285"]
[BlackElo "2326"]
[PlyCount "69"]
[EventDate "2002.10.20"]
[EventType "team"]
[EventRounds "9"]
[EventCountry "GER"]
[SourceTitle "EXT 2004"]
[Source "ChessBase"]
[SourceDate "2003.11.25"]
[SourceVersion "1"]
[SourceVersionDate "2003.11.25"]
[SourceQuality "1"]
[WhiteTeam "Hannover SF"]
[BlackTeam "Hannover Post"]
[WhiteTeamCountry "GER"]
[BlackTeamCountry "GER"]

1. Nf3 g6 2. c4 Bg7 3. d4 d6 4. g3 Nc6 5. d5 Ne5 6. Nxe5 Bxe5 7. Bg2 e6 8. 0-0 Ne7 9. Nc3 0-0 10. Bh6 Bg7 11. Bxg7 Kxg7 12. f4 e5 13. fxe5 dxe5 14. Qd2 f6 15. Rf2 Bf5 16. Raf1 Qd7 17. e4 Bg4 18. Qe3 b6 19. b4 a5 20. bxa5 Rxa5 21. h3 Bxh3 22. Bxh3 Qxh3 23. Rh2 Qc8 24. Qh6+ Kf7 25. Rxf6+ Kxf6 26. Rf2+ Nf5 27. Rxf5+ Ke7 28. Qg7+ Kd6 29. Rxf8 Qg4 30. Rf6+ Kc5 31. Qxc7+ Kd4 32. Qxb6+ Kd3 33. Kg2 Ra3 34. Rf3+ Kxc4 35. Qb5+ 1-0

[Event "Oberliga Nord W 0102"]
[Site "Germany"]
[Date "2002.02.03"]
[Round "5.2"]
[White "Geveke, Michael"]
[Black "Remling, Christian"]
[Result "0-1"]
[WhiteElo "2300"]
[BlackElo "2330"]
[PlyCount "80"]
[EventDate "2001.10.07"]
[EventType "team"]
[EventRounds "9"]
[EventCountry "GER"]
[SourceTitle "EXT 2003"]
[Source "ChessBase"]
[SourceDate "2002.11.25"]
[SourceVersion "1"]
[SourceVersionDate "2002.11.25"]
[SourceQuality "1"]
[WhiteTeam "Hannover"]
[BlackTeam "Osnabrueck IGM"]
[WhiteTeamCountry "GER"]
[BlackTeamCountry "GER"]

1. Nf3 Nf6 2. g3 b6 3. Bg2 Bb7 4. c4 e6 5. Nc3 Be7 6. 0-0 0-0 7. Qc2 c5 8. Rd1 Nc6 9. e3 d5 10. d4 cxd4 11. Nxd4 Nxd4 12. exd4 Qc8 13. Qe2 dxc4 14. Bxb7 Qxb7 15. Qxc4 Rac8 16. Qe2 Bb4 17. Bg5 Nd5 18. Ne4 Qd7 19. a3 Bd6 20. Rac1 h6 21. Bd2 Be7 22. Rxc8 Rxc8 23. Rc1 Rxc1+ 24. Bxc1 Nf6 25. Qd3 Qc6 26. Nc3 Nd5 27. Ne2 b5 28. Bd2 Bf6 29. b3 a6 30. f3 h5 31. Kf2 Qd6 32. a4 bxa4 33. bxa4 Qc6 34. Qb3 Qb6 35. Qc4 Ne7 36. Qc5 Qc6 37. Qb4 g6 38. Bc3 Nd5 39. Qb8+ Kg7 40. Bd2 Qxa4 0-1

[Event "Oberliga Nord W 0102"]
[Site "Germany"]
[Date "2001.11.11"]
[Round "2.2"]
[White "Karges, Dieter"]
[Black "Geveke, Michael"]
[Result "1-0"]
[WhiteElo "2224"]
[BlackElo "2300"]
[PlyCount "55"]
[EventDate "2001.10.07"]
[EventType "team"]
[EventRounds "9"]
[EventCountry "GER"]
[SourceTitle "EXT 2003"]
[Source "ChessBase"]
[SourceDate "2002.11.25"]
[SourceVersion "1"]
[SourceVersionDate "2002.11.25"]
[SourceQuality "1"]
[WhiteTeam "Braunschweig SF"]
[BlackTeam "Hannover"]
[WhiteTeamCountry "GER"]
[BlackTeamCountry "GER"]

1. e4 e6 2. d4 d5 3. exd5 exd5 4. Bd3 Bd6 5. Ne2 Ne7 6. Bf4 Bxf4 7. Nxf4 Qd6 8. Qd2 c5 9. dxc5 Qe5+ 10. Kd1 Nbc6 11. Re1 Qxb2 12. Qc3 Qxc3 13. Nxc3 d4 14. Ncd5 Kd8 15. Nxe7 Nxe7 16. Rb1 Rb8 17. Kd2 g5 18. Ne2 Nc6 19. Be4 Kc7 20. Bxc6 Kxc6 21. Nxd4+ Kxc5 22. Kc3 f6 23. Re7 b5 24. Rc7+ Kd6 25. Rxa7 Bd7 26. Rd1 b4+ 27. Kb2 Rhd8 28. Nb3+ 1-0

[Event "Oberliga Nord W 0001"]
[Site "Germany"]
[Date "2001.04.29"]
[Round "9.2"]
[White "Clemens, Christian"]
[Black "Geveke, Michael"]
[Result "0-1"]
[WhiteElo "2355"]
[BlackElo "2279"]
[PlyCount "86"]
[EventDate "2000.10.15"]
[EventType "team"]
[EventRounds "9"]
[EventCountry "GER"]
[SourceTitle "EXT 2003"]
[Source "ChessBase"]
[SourceDate "2002.11.25"]
[SourceVersion "1"]
[SourceVersionDate "2002.11.25"]
[SourceQuality "1"]
[WhiteTeam "Braunschweig SC"]
[BlackTeam "Hannover SV"]
[WhiteTeamCountry "GER"]
[BlackTeamCountry "GER"]

1. g3 c5 2. Bg2 g6 3. e4 Bg7 4. d3 Nc6 5. f4 d6 6. Nf3 Bg4 7. h3 Bxf3 8. Bxf3 Qd7 9. Bg2 e6 10. 0-0 Nge7 11. Nd2 0-0 12. c3 d5 13. Qe1 b5 14. e5 f6 15. Nf3 fxe5 16. fxe5 d4 17. cxd4 Nxd4 18. Nxd4 Qxd4+ 19. Rf2 Rxf2 20. Qxf2 Qxf2+ 21. Kxf2 Rf8+ 22. Ke2 Nf5 23. Bf4 Nd4+ 24. Kd2 g5 25. Be3 Bxe5 26. Rc1 Bxg3 27. Rxc5 Bf4 28. Be4 Rf7 29. Rc8+ Kg7 30. Rc5 h6 31. b3 a6 32. b4 Rd7 33. Rc8 Kf6 34. Rc5 Rg7 35. Rc8 Rd7 36. Rc5 Ra7 37. Rc8 a5 38. Rh8 axb4 39. Bxf4 gxf4 40. Rxh6+ Ke5 41. Rh5+ Kd6 42. Rh8 Rxa2+ 43. Kc1 b3 0-1

[Event "Oberliga Nord W 0001"]
[Site "Germany"]
[Date "2001.04.01"]
[Round "8.4"]
[White "Geveke, Michael"]
[Black "Schwekendiek, Ulrich"]
[Result "1-0"]
[WhiteElo "2279"]
[BlackElo "2297"]
[PlyCount "110"]
[EventDate "2000.10.15"]
[EventType "team"]
[EventRounds "9"]
[EventCountry "GER"]
[SourceTitle "EXT 2003"]
[Source "ChessBase"]
[SourceDate "2002.11.25"]
[SourceVersion "1"]
[SourceVersionDate "2002.11.25"]
[SourceQuality "1"]
[WhiteTeam "Hannover SV"]
[BlackTeam "Goettingen"]
[WhiteTeamCountry "GER"]
[BlackTeamCountry "GER"]

1. Nf3 d5 2. g3 Nf6 3. Bg2 c5 4. 0-0 Nc6 5. d4 Bg4 6. Ne5 cxd4 7. Nxg4 Nxg4 8. e4 Nf6 9. exd5 Nxd5 10. c3 e6 11. cxd4 Bb4 12. Nc3 Bxc3 13. bxc3 Nxc3 14. Bxc6+ bxc6 15. Qc2 Qa5 16. Bb2 Nd5 17. Qxc6+ Ke7 18. a4 Rhc8 19. Ba3+ Kf6 20. Qd6 Qc7 21. Qa6 Qc6 22. Qe2 Qc2 23. Qe5+ Kg6 24. g4 h6 25. f4 Qd3 26. f5+ Kh7 27. fxe6 fxe6 28. Bc5 Qg6 29. Rab1 Rc7 30. Rb3 Rd8 31. Rg3 Rdd7 32. Re1 Rc6 33. h4 Rf7 34. h5 Qc2 35. Rg2 Qd3 36. g5 hxg5 37. Qxg5 Qf5 38. Qg6+ Kg8 39. Qxf5 Rxf5 40. h6 g5 41. Rb1 Kh7 42. Rb7+ Kxh6 43. Rxa7 Kg6 44. Ra8 Nf4 45. Rb2 Kh5 46. a5 e5 47. a6 exd4 48. a7 Rfxc5 49. Rh8+ Kg4 50. a8Q Kg3 51. Qa3+ Rc3 52. Rb3 Rxb3 53. Qxb3+ d3 54. Qa3 Rf6 55. Rh2 Nh3+ 1-0

[Event "Merano Gold Cup 29th"]
[Site "Merano"]
[Date "2001.??.??"]
[Round "8"]
[White "Geveke, Michael"]
[Black "Schiffer, Steve"]
[Result "1-0"]
[WhiteElo "2279"]
[BlackElo "2167"]
[PlyCount "49"]
[EventDate "2001.05.??"]
[EventType "swiss"]
[EventRounds "9"]
[EventCountry "ITA"]
[SourceTitle "EXT 2005"]
[Source "ChessBase"]
[SourceDate "2004.11.15"]
[SourceVersion "1"]
[SourceVersionDate "2004.11.15"]
[SourceQuality "1"]

1. Nf3 g6 2. g3 Bg7 3. d4 Nf6 4. Bg2 0-0 5. 0-0 c6 6. c4 d6 7. Nc3 Qc7 8. h3 e5 9. e4 Nbd7 10. Be3 Re8 11. Qc2 Nf8 12. Rfd1 Nh5 13. c5 exd4 14. cxd6 Qxd6 15. Nxd4 Qe7 16. a4 Ne6 17. Nde2 a5 18. f4 Nc7 19. e5 Bf8 20. Bf2 Bf5 21. Qc1 Be6 22. g4 Ng7 23. Ne4 Red8 24. Rxd8 Qxd8 25. f5 1-0

[Event "Naujac op 04th"]
[Site "Naujac"]
[Date "2001.??.??"]
[Round "6"]
[White "Geveke, Michael"]
[Black "Vreugdenhil, Frans"]
[Result "1-0"]
[WhiteElo "2279"]
[BlackElo "2136"]
[PlyCount "53"]
[EventDate "2001.08.??"]
[EventType "swiss"]
[EventRounds "7"]
[EventCountry "FRA"]
[SourceTitle "EXT 2002"]
[Source "ChessBase"]
[SourceDate "2001.11.25"]
[SourceVersion "1"]
[SourceVersionDate "2001.11.25"]
[SourceQuality "1"]

1. Nf3 Nf6 2. g3 g6 3. c4 Bg7 4. Nc3 d6 5. Bg2 0-0 6. d4 c5 7. dxc5 dxc5 8. Qxd8 Rxd8 9. Be3 Na6 10. Ne5 Nd7 11. Nd3 Rb8 12. 0-0-0 Bxc3 13. bxc3 Re8 14. h4 e5 15. h5 Nb6 16. hxg6 hxg6 17. Rh4 Bf5 18. Bg5 f6 19. Bxf6 Kf7 20. Bg5 e4 21. Rh7+ Kg8 22. Rdh1 exd3 23. Bf6 d2+ 24. Kd1 Bc2+ 25. Kxc2 d1Q+ 26. Kxd1 Red8+ 27. Bd5+ 1-0

[Event "Merano Gold Cup 29th"]
[Site "Merano"]
[Date "2001.??.??"]
[Round "7"]
[White "Geveke, Michael"]
[Black "Wempe, Juergen"]
[Result "1-0"]
[WhiteElo "2279"]
[BlackElo "2177"]
[PlyCount "79"]
[EventDate "2001.05.??"]
[EventType "swiss"]
[EventRounds "9"]
[EventCountry "ITA"]
[SourceTitle "EXT 2005"]
[Source "ChessBase"]
[SourceDate "2004.11.15"]
[SourceVersion "1"]
[SourceVersionDate "2004.11.15"]
[SourceQuality "1"]

1. Nf3 f5 2. g3 Nf6 3. Bg2 e6 4. c4 Be7 5. Nc3 0-0 6. 0-0 d6 7. d4 a5 8. Re1 Ne4 9. Qc2 Nc6 10. Nxe4 Nb4 11. Qc3 fxe4 12. Nd2 c5 13. Bxe4 cxd4 14. Qxd4 Bf6 15. Qe3 d5 16. Bb1 dxc4 17. Qe4 g6 18. a3 c3 19. Nc4 Nc6 20. Be3 Ra6 21. Ba2 cxb2 22. Rad1 Qe7 23. Nd6 Ne5 24. Nxc8 Rxc8 25. Bd4 Qg7 26. Bxe5 Bxe5 27. f4 Qc7 28. fxe5 Qc5+ 29. e3 Rb6 30. Qh4 Rf8 31. Rd7 h5 32. Qe7 Qxe7 33. Rxe7 Rf3 34. Rxe6 Rxe6 35. Bxe6+ Kg7 36. Ba2 g5 37. e6 Rf8 38. Rb1 b5 39. Rxb2 Rb8 40. e7 1-0

[Event "Merano Gold Cup 29th"]
[Site "Merano"]
[Date "2001.??.??"]
[Round "9"]
[White "Kuerten, Jens"]
[Black "Geveke, Michael"]
[Result "1/2-1/2"]
[WhiteElo "1964"]
[BlackElo "2279"]
[PlyCount "31"]
[EventDate "2001.05.??"]
[EventType "swiss"]
[EventRounds "9"]
[EventCountry "ITA"]
[SourceTitle "EXT 2005"]
[Source "ChessBase"]
[SourceDate "2004.11.15"]
[SourceVersion "1"]
[SourceVersionDate "2004.11.15"]
[SourceQuality "1"]

1. e4 e6 2. d4 d5 3. e5 b6 4. c3 Qd7 5. Bd3 a5 6. Ne2 Ba6 7. 0-0 Ne7 8. Na3 Nf5 9. Nc2 Bxd3 10. Qxd3 c5 11. g4 Nh4 12. f4 h5 13. h3 Be7 14. Ng3 hxg4 15. hxg4 g6 16. Bd2 1/2-1/2

[Event "Oberliga Nord W 9900"]
[Site "Germany"]
[Date "2000.01.30"]
[Round "5.5"]
[White "Eickhoff, Hermann"]
[Black "Geveke, Michael"]
[Result "0-1"]
[WhiteElo "2155"]
[BlackElo "2275"]
[PlyCount "84"]
[EventDate "1999.10.??"]
[EventType "team"]
[EventRounds "9"]
[EventCountry "GER"]
[SourceTitle "EXT 2003"]
[Source "ChessBase"]
[SourceDate "2002.11.25"]
[SourceVersion "1"]
[SourceVersionDate "2002.11.25"]
[SourceQuality "1"]
[WhiteTeam "Braunschweig SF"]
[BlackTeam "Hannover SV"]
[WhiteTeamCountry "GER"]
[BlackTeamCountry "GER"]

1. e4 e6 2. d4 d5 3. Nc3 Bb4 4. e5 c5 5. a3 Bxc3+ 6. bxc3 Qc7 7. Qg4 f5 8. Bb5+ Kf8 9. Qh5 g6 10. Qf3 c4 11. h4 h6 12. g4 Qf7 13. Ne2 a6 14. Ba4 b5 15. Nf4 Ne7 16. Rb1 Bd7 17. Rg1 Nbc6 18. gxf5 exf5 19. Bxb5 axb5 20. e6 Bxe6 21. Rxb5 Qf6 22. Qg3 Bf7 23. Kd1 Nd8 24. a4 Rxa4 25. Rb8 Nec6 26. Rc8 g5 27. hxg5 hxg5 28. Nxd5 Bxd5 29. Bxg5 Qe6 30. Kd2 Qxc8 31. Qd6+ Ke8 32. Qxd5 Ra7 33. Bf6 Rf8 34. Re1+ Ne7 35. Bg5 Qc6 36. Qe5 Rf7 37. d5 Qg6 38. f4 Rd7 39. Kc1 Qa6 40. Qh8+ Rf8 41. Qe5 Qa1+ 42. Kd2 Rxd5+ 0-1